MDQL
is popping MORE tags! Check the
thread
!
Quizzes
Events
Quiz Creation
Community
Videos
Private Events
Remove Ads
Sign In
Join for FREE
Feedback
Dark Mode
Quiz Categories
Sports
Geography
Music
Movies
Television
Just For Fun
Miscellaneous
History
Literature
Language
Science
Gaming
Entertainment
Religion
Holiday
For Kids
Quiz Lab
Recent
Popular Today
Quiz Kudos Today
Editor Picks
Curator Picks
Quizzes by...
Day
Popularity
Type
Ratings
Length
Year
Community
Subscriptions
Recent Discussions
Orange Saloon
Badges
Playlists
Quests
Create
Leaderboards
Showdown
Live 5
Trivia Bingo
Activity
Puzzle Library
Sporcle Events
Private Events
Virtual Trivia
Globe League
Become a Host
Pub Owners
SporcleCon
Opinionation
Our Games
Videos
Blog
Mobile Apps
Partnerships
Remove Ads and Go Orange
Feedback
Television
TV Characters
TV Show
Sitcom
Network
Friends
Reality Shows
Cast
South Park
Star Trek
The Simpsons
Doctor Who
Television
TV Characters
TV Show
Sitcom
Network
Friends
Reality Shows
Cast
South Park
Star Trek
The Simpsons
Doctor Who
Random Quiz
Search Sporcle
×
Quiz Lab
Quiz Lab
Television
Song
Type in answers that appear in a list
Type in answers that appear in a list
Classic
Best Score? Go Orange.
Friends Theme Song Stats
Can you name the 'Friends' Theme Song?
By
dallascowboys
4m
7 Questions
85 Plays
85 Plays
85 Plays
Comments
Comments
Give Quiz Kudos
Give Quiz Kudos
-
- Ratings
hide this ad
Forced Order
Answers have to be entered in order
Answers have to be entered in order
Replay
Link that replays current quiz
Next Quiz
Link to next quiz in quiz playlist
You Got
0%
They Got
Avg Score
33%
Avg Friend Score
Upgrade to see
Score Distribution
Jump to the score distribution portion of the page
Score
0/7
Timer
04:00
0
Plays Today
Lyrics
% Correct
So no one told you life was gonna be this way.
98.8%
It's like you're always stuck in second gear,
51.2%
Your job's a joke, you're broke, your love life's DOA.
42.9%
I'll be there for you, like I've been there before.
11.9%
I'll be there for you, cause you're there for me too.
10.7%
Well, it hasn't been your day, your week, your month, or even your year.
8.3%
But, I'll be there for you, when the rain starts to pour.
8.3%
Quiz Playlist
Details
Report
Send in Message
Add To Playlist
Classic:
Type in answers that appear in a list
Forced Order:
Answers have to be entered in order
Last Updated: Feb 16, 2017
Quiz Scoreboard
CHALLENGE
Sign Up to Join the Scoreboard
Show All
Scores
Hide
Comments
May contain spoilers
Recently Published
Image Sorting: Flags VI
by Barbecue
Geography
2m
Find the 'City' Movie
by crazypaving
Movies
60s
Colored Red Africa Blitz
by spor1
Geography
45s
More to Explore
Quiz From the Vault
Featured Blog Post
14 Easter Pick-up Lines to Find Eggs With
hide this ad
You Might Also Like...
Tags
Lyrics Quiz
Song Quiz
theme
TV Theme
Today's Top Quizzes in Television
Browse Television
hide this ad
Today's Top Quizzes in Song
Browse Song
Top Contributed Quizzes in Television
1
Survivor Journey Challenge
2
Brooklyn Nine Nine Logic Puzzle (How-To-Play)
3
Total Drama Characters
4
Phoebe Buffay Quotes
5
Survivor Heroes vs. Villains Logic Puzzle
6
Adjectives in 00s TV Shows
7
Survivor Trivia
8
Game of Thrones: Tywin Lannister Start to Finish
9
Emmerdale Characters (from August 2012)
10
Survivor Logic Puzzle: Heroes vs. Villains
Explore More
Trending Topics
Crossword
Kpop
Harry Potter
NBA
Marvel
Disney
Anime
The Office
NFL
Pokémon
Puzzle
Soccer
Country
Song
WWE
hide this ad
More By:
dallascowboys
Quiz
Plays
Rating
Category
Featured
Created
All-Time Men's NCAA Basketball Champions
1,355
4.43
Sports
Mar 21, 2010
Pro Athlete's Uniform Numbers
402
3.50
Sports
Feb 22, 2010
2010 March Madness Teams
323
5.00
Sports
Mar 14, 2010
Super Bowl XLIV Starting Lineups
298
4.67
Sports
Feb 7, 2010
Top Rivalries in American Sports
288
1.67
Sports
Jan 28, 2010
Go to Creator's Profile
Score Distribution
Quiz Creator Spotlight
dallascowboys
Follow
Send a Message
Quizzes Created
-
Created Quiz Play Count
-
More By This Creator
Popular Quizzes Today
1
Colored Red Africa Blitz
2
Find the US States - No Outlines Minefield
3
Find the 'City' Movie
4
5x2 Blitz: Bands
5
The Countries of the World
6
Find the US States
7
Find the Countries of Europe - No Outlines Minefield
8
US States
More Television Quizzes
Can you find me? Children's TV Hosts
Quiz Lab
Trending Quizzes
Colored Red Europe Blitz I
Colored Red Europe Blitz II
Colored Red Africa Blitz II
Colored Red Europe Blitz III
Colored Red Africa Blitz III
Recently Updated
How Do You Spell That?
pecheneg
Godzilla Movies
pecheneg
Grab Bag: 4-10 Letters
pecheneg
2024 March Madness Bracket
pecheneg
Famous TV Couples
Peacemaker
Champions League XIs: Real Madrid
pecheneg
Largest US Cities 1790-2010
pecheneg
Rides in Walt Disney World
pecheneg
Most Oscar Losses (Acting)
pecheneg
Beyoncé Albums
pecheneg
Trending Topics
Crossword
NBA
Harry Potter
Anime
Marvel
Kpop
Disney
Country
Soccer
Puzzle
Song
NFL
Pokémon
WWE
The Office
Your Account Isn't Verified!
In order to create a playlist on Sporcle, you need to verify the email address you used during registration. Go to your
Sporcle Settings
to finish the process.
Report this User
Report this user for behavior that violates our
Community Guidelines
.
Details:
Send Report
Go to the Sporcle.com Mobile Site →
Comments